| 000 | 00955cam a22003137a 4500 | ||
|---|---|---|---|
| 003 | CHAP | ||
| 005 | 20220329134748.0 | ||
| 008 | 971013c19641949 r 00010 d | ||
| 010 | _a25449 | ||
| 011 | _a26421 | ||
| 035 | _a30522 | ||
| 040 | _cCHAP | ||
| 082 |
_a104 _bB8 |
||
| 100 | 0 | 0 |
_aBuber, Martin. _915858 |
| 245 | 0 | _aQué es el hombre? | |
| 260 |
_aMéxico, D. F. : _bFondo de Cultura Económica, _c1964 (c.1949) |
||
| 300 | _a153 p. | ||
| 490 | 0 |
_aBreviarios _v; 10 |
|
| 590 |
_aBATCH-UPD _b10 _c20130110 _lUCH01 _h1221 |
||
| 590 |
_aBATCH-UPD _b10 _c20130410 _lUCH01 _h0756 |
||
| 590 |
_aBATCH-UPD _b10 _c20130914 _lUCH01 _h0748 |
||
| 590 |
_aCONVERSION _b10 _c20130109 _lUCH01 _h1315 |
||
| 650 | 1 | 4 |
_aFilosofía. _940890 |
| 830 | 0 |
_aBreviarios _v; 10 _915273 |
|
| 901 | _aBK | ||
| 942 | _cLIBRO | ||
| 949 |
_a104 B8 _bBC _cLIBRO _d-70813 _eLIBRO _i30522 _si |
||
| 949 |
_a104 B8 _bBC _cLIBRO _d33724002037644 _eLIBRO _fc.2 _gI.c/e _h106529 _i30522 _sb _t$55.00 |
||
| 999 |
_c25449 _d25449 |
||